| 000 | 00765nam a2200169 i 4500 | ||
|---|---|---|---|
| 001 | 151430 | ||
| 003 | ES-MaACL | ||
| 005 | 20240713063132.0 | ||
| 008 | 931025s1879 sw bf |||| | fre d | ||
| 100 | 2 |
_aAlmquist, Gustav Fridolf, _d1814-1866 _9125621 |
|
| 245 | 1 | 3 |
_aLa Suède _b: ses progrès sociaux et ses institutions pénitentiaires / _cpar G. Fr. Almquist. |
| 260 |
_aStockholm : _b[s.n.], _c1879 ( _fP.A. Norsteult & Süner) |
||
| 300 |
_a153 p., [1] h. de map., [2] h. de lám. pleg. ; _c23 cm. |
||
| 650 | 4 |
_aEstablecimientos penitenciarios- _zSuecia. _9143334 |
|
| 852 |
_aES-MaACL _jD-260(6) _z- Enc. en un vol. facticio, formando parte de la col. facticia "Estudios penitenciarios", n. 6 _z. - Donativo Lastres |
||
| 999 |
_c151430 _d151430 |
||